LEADER 01039nam a2200253 i 4500 001 000000051287 003 CaOOAMICUS 005 20121127000000.0 008 121127s1980 it u000 u ita u 013 $a22459 020 $a88-7023-012-0 040 $aSeMil$bita 100 1 $aCattaneo, Enrico,$c.$0(OLS)http://semarc/name/166 245 12$aI contenuti spirituali e religiosi nell'arte del Duomo /$cEnrico Cattaneo. 260 $aMilano :$bNED,$c1980. 300 $a43 p., [8] p. di tav. ;$c19 cm. 650 4$aMilano - Duomo.$0(OLS)http://semarc/subject/2739 650 4$aMilano - Duomo - Arte sacra.$0(OLS)http://semarc/subject/10571 850 $aSeMil 852 $aSeMil$W1$xVenegono$y1$m3O I 162$j17442$B17442$CSeMilBibl$Z2$F17443 $81 961 $aOmaggio: Deposito 996 $6020$a88-7023-012-0$9(OLS)http://semarc/number/25339 996 $6245$aI contenuti spirituali e religiosi nell'arte del Duomo$9(OLS)http://semarc/title/78510 996 $6260$aMilano :$bNED$9(OLS)http://semarc/publisher/30187 LEADER 00750nam a2200205 i 4500 001 000000103177 003 CaOOAMICUS 005 20010919000000.0 008 010919s1999 it u000 u ita u 013 $a75343 020 $a88-311-9251-5 040 $aSeMil$bita 245 10$aP-Z. 300 $aXXVIII, P. [1365]-2161, [6] p. di tav. + [1] c. di errata corrige. 773 0 $tDizionario enciclopedico del Medioevo.$dParis : Les Éditions du Cerf, 1998-1999.$gVolume3$w()6643 850 $aSeMil 852 $aSeMil$W1$xVenegono$y1$mSL1.G VIII 43$j59638$B59638$CSeMilBibl$Z2$F44128 $8I 961 $aAcquisto: Rimoldi mons. Antonio 996 $6020$a88-311-9251-5$9(OLS)http://semarc/number/82944 996 $6245$aP-Z$9(OLS)http://semarc/title/131106 LEADER 01379nam a2200301 i 4500 001 000000034496 003 CaOOAMICUS 005 20140331000000.0 008 140331s1975 xx u000 u ger u 013 $a1084 020 $a3-545-23101-1 020 $a3-7887-0455-1 040 $aSeMil$bita 100 1 $aStuhlmacher, Peter <1932- >.$0(OLS)http://semarc/name/2550 245 14$aDer Brief an Philemon /$cPeter Stuhlmacher. 260 $aNeukirchen-Vluyn :$bNeukirchener,$c1975. 260 $aZürich [etc.] :$bBenziger,$c1975. 300 $a75 p. ;$c24 cm. 490 0 $aEKK = Evangelisch-Katholischer Kommentar zum Neuen Testament ;$v18 650 4$aBibbia. Nuovo Testamento. Lettera a Filemone - Commentari, studi, critica e interpretazioni.$0(OLS)http://semarc/subject/5913 830 0$aEKK = Evangelisch-Katholischer Kommentar zum Neuen Testament ;$v18.$0(OLS)http://semarc/title/60 850 $aSeMil 852 $aSeMil$W1$xVenegono$y1$m2YA A 18$j256931$B651$CSeMilBibl$Z2$F651 $81 996 $6020$a3-545-23101-1$9(OLS)http://semarc/number/2277 996 $6020$a3-7887-0455-1$9(OLS)http://semarc/number/2278 996 $6245$aDer Brief an Philemon$9(OLS)http://semarc/title/46700 996 $6260$aZürich [etc.] :$bBenziger$9(OLS)http://semarc/publisher/35374 996 $6260$aNeukirchen-Vluyn :$bNeukirchener$9(OLS)http://semarc/publisher/29645